| 000 | 00627cam a2200193 i 4500 | ||
|---|---|---|---|
| 005 | 20260211104619.0 | ||
| 008 | 250721s9999 jo gr 000 f ara d | ||
| 020 | _a9789923371190 | ||
| 082 | 1 | 4 |
_aق _bخ ض ي |
| 100 | 1 |
_aخضير، محمد _eمؤلف. |
|
| 245 | 1 | 0 |
_aماتت رجلا / _cمحمد خضير. _bرواية. |
| 250 | _aالطبعة الأولى. | ||
| 264 | 3 | 1 |
_aعمان : _bدار دجلة ناشرون وموزعون، _c2022. |
| 300 | _a140صفحة. | ||
| 650 | 1 | 7 | _aالادب العربي. |
| 650 | 1 | 7 | _aالروايات العربية. |
| 942 |
_2ddc _cBK |
||
| 999 |
_c143772 _d143772 |
||